| 000 | 00369nam a2200145Ia 4500 | ||
|---|---|---|---|
| 005 | 20260508152015.0 | ||
| 008 | 191201s2006 xx 000 0 und d | ||
| 100 | _aDeswal, S | ||
| 245 | 3 | _aAn Introduction to Environmental Science | |
| 250 | _a1st Rep | ||
| 260 |
_c2006 _bDhanpat Rai Pubns (P) Ltd _aN.Delhi |
||
| 300 | _amisc. | ||
| 650 | _aAPPLIED | ||
| 942 |
_2ddc _cBB |
||
| 999 |
_c7193 _d7193 |
||